000 00573nab a2200181 4500
001 244442
003 OSt
005 20250703112308.0
007 tu
008 200917s2020|||||||
040 _aDE-2950
_cDE-2950
245 0 0 _aDie Kamera als Lebenselexier
_bJubiläum. Fotograf Winfried Mausolf feierte 85. Geburtstag. Vom Handballverband gab es ein besonderes Geschenk/
_cthg
264 _c2024
653 _aFrankfurt (Oder)
653 _aWinfried Mausolf
773 0 _g36. Jahrgang (2025) Nr. 145 vom 25.06.2025, S. 15 mit Foto
_tMärkische Oderzeitung
942 _2z
_cA
999 _c373860
_d373860